[Event "Bundesliga 9495"]
[Site "Deutschland"]
[Date "1994.??.??"]
[Round "?.4"]
[White "Uhlmann, Wolfgang"]
[Black "Podzielny, Karl Heinz"]
[Result "1-0"]
[WhiteElo "2465"]
[BlackElo "2465"]
[PlyCount "117"]
[EventDate "1994.10.??"]
[EventType "team"]
[EventRounds "15"]
[EventCountry "GER"]
[SourceTitle "Bundesliga 9495"]
[Source "DeepChess"]
[SourceDate "2005.01.01"]
[SourceVersion "1"]
[SourceVersionDate "2005.01.01"]
[SourceQuality "1"]
[WhiteTeam "Post SV Dresden"]
[BlackTeam "SG 1868 Aljech. Solingen"]
[WhiteTeamCountry "GER"]
[BlackTeamCountry "GER"]

1. c4 Nf6 2. Nc3 g6 3. e4 d6 4. d4 Bg7 5. Be2 O-O 6. Bg5 Na6 7. Qc2 Qe8 8. Nf3
e5 9. dxe5 dxe5 10. c5 Nb4 11. Qb3 a5 12. O-O Be6 13. Bc4 Nc2 14. Rad1 Nd4 15.
Nxd4 exd4 16. Nb5 a4 17. Qb4 Bxc4 18. Qxc4 Ng4 19. Nxd4 Qxe4 20. Rfe1 Ne5 21.
Qc1 Qd5 22. Bh6 Bxh6 23. Qxh6 Rfe8 24. Qc1 c6 25. h3 Qxa2 26. f4 Nd7 27. Rxe8+
Rxe8 28. Nxc6 Qe6 29. Nd4 Qd5 30. c6 Nf6 31. c7 Rc8 32. Nb5 Qxb5 33. Rd8+ Qe8
34. Rxe8+ Nxe8 35. Qc3 b5 36. Qc5 Nxc7 37. Qc6 b4 38. Qxa4 Ne6 39. Qxb4 Rd8 40.
g3 h5 41. Kf2 Rd3 42. Qb5 Rd2+ 43. Ke3 Rg2 44. Qb8+ Kg7 45. Kf3 Rh2 46. Qe5+
Kg8 47. h4 Rd2 48. Qc3 Rc2 49. Qe5 Rc4 50. Ke3 Rc5 51. Qb8+ Kh7 52. Kd3 Rd5+
53. Ke4 Rd4+ 54. Ke3 Rc4 55. Kd3 Rd4+ 56. Kc3 Re4 57. Qb6 Re1 58. b4 Nc7 59.
Kd2 1-0

[Event "Bundesliga 9495"]
[Site "Deutschland"]
[Date "1994.??.??"]
[Round "?.5"]
[White "Reeh, Oliver"]
[Black "Maiwald, Jens Uwe"]
[Result "1/2-1/2"]
[WhiteElo "2450"]
[BlackElo "2445"]
[PlyCount "41"]
[EventDate "1994.10.??"]
[EventType "team"]
[EventRounds "15"]
[EventCountry "GER"]
[SourceTitle "Bundesliga 9495"]
[Source "DeepChess"]
[SourceDate "2005.01.01"]
[SourceVersion "1"]
[SourceVersionDate "2005.01.01"]
[SourceQuality "1"]
[WhiteTeam "SG 1868 Aljech. Solingen"]
[BlackTeam "Post SV Dresden"]
[WhiteTeamCountry "GER"]
[BlackTeamCountry "GER"]

1. d4 Nf6 2. c4 g6 3. Nc3 Bg7 4. e4 d6 5. f3 O-O 6. Be3 a6 7. Qd2 c6 8. a4 a5
9. Rd1 Na6 10. Bd3 e5 11. Nge2 Nd7 12. O-O exd4 13. Nxd4 Ndc5 14. Bb1 Qb6 15.
Rf2 Qb4 16. Bh6 Qxc4 17. Bxg7 Kxg7 18. Ba2 Qb4 19. Nc2 Qb6 20. Qxd6 Be6 21.
Qd4+ 1/2-1/2

[Event "Bundesliga 9495"]
[Site "Deutschland"]
[Date "1994.??.??"]
[Round "?.6"]
[White "Goldberg, Alexander"]
[Black "Schaefer, Markus"]
[Result "0-1"]
[WhiteElo "2405"]
[BlackElo "2455"]
[PlyCount "72"]
[EventDate "1994.10.??"]
[EventType "team"]
[EventRounds "15"]
[EventCountry "GER"]
[SourceTitle "Bundesliga 9495"]
[Source "DeepChess"]
[SourceDate "2005.01.01"]
[SourceVersion "1"]
[SourceVersionDate "2005.01.01"]
[SourceQuality "1"]
[WhiteTeam "Post SV Dresden"]
[BlackTeam "SG 1868 Aljech. Solingen"]
[WhiteTeamCountry "GER"]
[BlackTeamCountry "GER"]

1. e4 c5 2. Nf3 e6 3. d4 cxd4 4. Nxd4 a6 5. Bd3 g6 6. O-O Bg7 7. Nb3 Ne7 8. c4
O-O 9. Nc3 Nbc6 10. Bg5 d6 11. f4 Qc7 12. Rc1 f5 13. Kh1 fxe4 14. Bxe4 Nf5 15.
Bxf5 gxf5 16. Nd5 exd5 17. cxd5 h6 18. Bh4 Bd7 19. Rf3 Kh7 20. Rg3 Be8 21. Re3
Qf7 22. dxc6 Bxc6 23. Qxd6 Rae8 24. Rxe8 Rxe8 25. Nd4 Bxd4 26. Qxd4 Re2 27. Bf2
Qxa2 28. Rxc6 bxc6 29. Qd7+ Kg6 30. Qxc6+ Qe6 31. Qc5 Rxb2 32. h3 Re2 33. Bd4
Qe4 34. Bf2 Qxf4 35. Qc6+ Kh5 36. Bg1 Qe4 0-1

[Event "Bundesliga 9495"]
[Site "Deutschland"]
[Date "1994.??.??"]
[Round "?.7"]
[White "Zysk, Robert"]
[Black "Kaminski, Uwe"]
[Result "1/2-1/2"]
[WhiteElo "2445"]
[BlackElo "2390"]
[PlyCount "98"]
[EventDate "1994.10.??"]
[EventType "team"]
[EventRounds "15"]
[EventCountry "GER"]
[SourceTitle "Bundesliga 9495"]
[Source "DeepChess"]
[SourceDate "2005.01.01"]
[SourceVersion "1"]
[SourceVersionDate "2005.01.01"]
[SourceQuality "1"]
[WhiteTeam "SG 1868 Aljech. Solingen"]
[BlackTeam "Post SV Dresden"]
[WhiteTeamCountry "GER"]
[BlackTeamCountry "GER"]

1. Nf3 Nf6 2. c4 g6 3. d4 Bg7 4. Nc3 O-O 5. e4 d6 6. Be2 e5 7. d5 a5 8. Bg5 h6
9. Bh4 Na6 10. Nd2 Qe8 11. O-O Bd7 12. b3 Nh7 13. a3 h5 14. f3 Bh6 15. Rb1 Be3+
16. Bf2 Bc5 17. Qc1 Qe7 18. Nd1 Nf6 19. Bxc5 Nxc5 20. b4 axb4 21. axb4 Na4 22.
Nb3 Kg7 23. Na5 Ra7 24. Qe3 b6 25. Nf2 Rfa8 26. Nb3 h4 27. Rfc1 Nh5 28. Nd3 g5
29. c5 bxc5 30. bxc5 Nf4 31. Bf1 Qf6 32. c6 Bc8 33. Nf2 Qg6 34. Ra1 g4 35. fxg4
Bxg4 36. Nd2 Nc5 37. Rxa7 Rxa7 38. Nf3 Bxf3 39. Qxf3 Ra4 40. Re1 Rb4 41. g3 Rb3
42. Re3 hxg3 43. hxg3 Rxe3 44. Qxe3 Nh5 45. Kh2 Nf6 46. Bg2 Ng4+ 47. Nxg4 Qxg4
48. Bf3 Qg6 49. Kg2 Qh6 1/2-1/2

[Event "Bundesliga 9495"]
[Site "Deutschland"]
[Date "1994.??.??"]
[Round "?.8"]
[White "Heinatz, Thomas"]
[Black "Seul, Georg"]
[Result "1-0"]
[WhiteElo "2305"]
[BlackElo "2435"]
[PlyCount "171"]
[EventDate "1994.10.??"]
[EventType "team"]
[EventRounds "15"]
[EventCountry "GER"]
[SourceTitle "Bundesliga 9495"]
[Source "DeepChess"]
[SourceDate "2005.01.01"]
[SourceVersion "1"]
[SourceVersionDate "2005.01.01"]
[SourceQuality "1"]
[WhiteTeam "Post SV Dresden"]
[BlackTeam "SG 1868 Aljech. Solingen"]
[WhiteTeamCountry "GER"]
[BlackTeamCountry "GER"]

1. e4 Nf6 2. e5 Nd5 3. d4 d6 4. Nf3 g6 5. Bc4 c6 6. O-O Bg7 7. h3 O-O 8. Nbd2
dxe5 9. dxe5 Bf5 10. Re1 Nd7 11. Nb3 N5b6 12. Bd3 Be6 13. Qe2 Qc7 14. Nbd4 Bd5
15. c4 Bxf3 16. Nxf3 Nc5 17. Bc2 Ne6 18. h4 Rad8 19. h5 Nd4 20. Nxd4 Rxd4 21.
Be3 Rh4 22. hxg6 fxg6 23. g3 Rh5 24. f4 Qc8 25. b3 Qh3 26. Qg2 g5 27. Qxh3 Rxh3
28. Kg2 gxf4 29. Kxh3 fxe3 30. Rxe3 Rf2 31. Bd3 Nd7 32. Rae1 Rxa2 33. Bf5 Nf8
34. Rd1 Ra5 35. Rd8 Kf7 36. Bc8 Rxe5 37. Rxe5 Bxe5 38. Bxb7 c5 39. Ra8 Bd6 40.
Rxa7 Kf6 41. Ra2 Ne6 42. Rf2+ Kg7 43. Rd2 Kf6 44. Rd3 Ng5+ 45. Kh4 Kg6 46. Bc6
h6 47. Re3 Kg7 48. Kg4 Kg6 49. Be8+ Kf6 50. Kh5 Kg7 51. Bg6 Nh3 52. Bf5 Ng5 53.
Bc8 Nf7 54. Kg4 Kf6 55. Re6+ Kg7 56. Kf5 Ng5 57. Re3 Kf7 58. g4 Nh7 59. Be6+
Kg7 60. Re1 Ng5 61. Bd5 Nh3 62. Re6 Nf2 63. Re3 Kh7 64. Be4 Kg7 65. Bd5 Kh7 66.
Rf3 Nh1 67. Ke6 Ng3 68. Kf7 Be5 69. Kxe7 Kg6 70. Ke6 Bc7 71. Rf7 Ba5 72. Bf3
Bd2 73. Rf8 Kg5 74. Kd5 Bb4 75. Bd1 Ba3 76. Rg8+ Kf4 77. Rh8 Kg5 78. Rc8 Kf4
79. Rg8 Bb4 80. Bc2 Ne2 81. Bf5 h5 82. gxh5 Kxf5 83. h6 Nf4+ 84. Kc6 Bc3 85. h7
Ng6 86. Kxc5 1-0

[Event "Bundesliga 9495"]
[Site "Deutschland"]
[Date "1995.??.??"]
[Round "?.2"]
[White "Teske, Henrik"]
[Black "Piskov, Yury"]
[Result "1-0"]
[WhiteElo "2465"]
[BlackElo "2540"]
[PlyCount "123"]
[EventDate "1994.10.??"]
[EventType "team"]
[EventRounds "15"]
[EventCountry "GER"]
[SourceTitle "Bundesliga 9495"]
[Source "DeepChess"]
[SourceDate "2005.01.01"]
[SourceVersion "1"]
[SourceVersionDate "2005.01.01"]
[SourceQuality "1"]
[WhiteTeam "Post SV Dresden"]
[BlackTeam "SG Bochum 31"]
[WhiteTeamCountry "GER"]
[BlackTeamCountry "GER"]

1. d4 e6 2. e4 d5 3. exd5 exd5 4. Nf3 Nf6 5. Bd3 Be7 6. O-O O-O 7. Bg5 Bg4 8.
Nbd2 Nc6 9. c3 h6 10. Bf4 Bd6 11. Bg3 Bxg3 12. hxg3 Qd6 13. Re1 Rfe8 14. Qb3 b6
15. Nf1 g6 16. Ne3 Bd7 17. Re2 Re7 18. Rae1 Rae8 19. a3 Kg7 20. Qa2 Bg4 21. b4
Nd8 22. Qc2 c6 23. Kh2 h5 24. Qd2 Nb7 25. Kg1 Qc7 26. Ne5 Nd6 27. N3xg4 Nxg4
28. Qf4 Nc8 29. Nxg6 Qxf4 30. Nxf4 Nf6 31. Re5 Kh6 32. f3 Rxe5 33. dxe5 Nd7 34.
e6 fxe6 35. Rxe6+ Rxe6 36. Nxe6 Ne5 37. Be2 Nd6 38. Kf2 Nec4 39. a4 Nb2 40. a5
Na4 41. Nd4 c5 42. Nc6 Nxc3 43. bxc5 bxc5 44. Nxa7 c4 45. Nc6 Ncb5 46. a6 Nc7
47. a7 Ndb5 48. Ke3 Kg5 49. f4+ Kf6 50. Bxh5 Ke6 51. Nd4+ Nxd4 52. Kxd4 Nb5+
53. Kc5 Nxa7 54. Bg4+ Kf6 55. Kxd5 c3 56. Bd1 Kf5 57. Kc4 c2 58. Bxc2+ Kg4 59.
Kd5 Nb5 60. f5 Kg5 61. Ke5 Na3 62. Bd3 1-0

[Event "Bundesliga 9495"]
[Site "Deutschland"]
[Date "1995.??.??"]
[Round "?.3"]
[White "Keitlinghaus, Ludger"]
[Black "Lanka, Zigurds"]
[Result "1/2-1/2"]
[WhiteElo "2495"]
[BlackElo "2510"]
[PlyCount "27"]
[EventDate "1994.10.??"]
[EventType "team"]
[EventRounds "15"]
[EventCountry "GER"]
[SourceTitle "Bundesliga 9495"]
[Source "DeepChess"]
[SourceDate "2005.01.01"]
[SourceVersion "1"]
[SourceVersionDate "2005.01.01"]
[SourceQuality "1"]
[WhiteTeam "SG Bochum 31"]
[BlackTeam "Post SV Dresden"]
[WhiteTeamCountry "GER"]
[BlackTeamCountry "GER"]

1. e4 c5 2. c3 Nf6 3. e5 Nd5 4. g3 Qc7 5. Nf3 Nc6 6. Qe2 e6 7. Bg2 Be7 8. O-O
O-O 9. c4 Ndb4 10. d3 f5 11. a3 Na6 12. Nc3 Qb8 13. Bf4 b6 14. Nb5 1/2-1/2

[Event "Bundesliga 9495"]
[Site "Deutschland"]
[Date "1995.??.??"]
[Round "?.5"]
[White "Jackelen, Thomas"]
[Black "Maiwald, Jens Uwe"]
[Result "0-1"]
[WhiteElo "2415"]
[BlackElo "2455"]
[PlyCount "115"]
[EventDate "1994.10.??"]
[EventType "team"]
[EventRounds "15"]
[EventCountry "GER"]
[SourceTitle "Bundesliga 9495"]
[Source "DeepChess"]
[SourceDate "2005.01.01"]
[SourceVersion "1"]
[SourceVersionDate "2005.01.01"]
[SourceQuality "1"]
[WhiteTeam "SG Bochum 31"]
[BlackTeam "Post SV Dresden"]
[WhiteTeamCountry "GER"]
[BlackTeamCountry "GER"]

1. Nf3 d6 2. d4 Bg4 3. c4 Nd7 4. e4 e5 5. d5 Be7 6. Nc3 Bxf3 7. Qxf3 Bg5 8.
Bxg5 Qxg5 9. g3 Qe7 10. Bg2 Ngf6 11. O-O c6 12. Rac1 O-O 13. Bh3 a5 14. Qe2 Nc5
15. b3 cxd5 16. cxd5 b5 17. f3 b4 18. Na4 Nxa4 19. bxa4 Rfb8 20. Qe3 Ne8 21.
Rc6 g6 22. Rfc1 h5 23. Kg2 Kh7 24. f4 exf4 25. gxf4 b3 26. axb3 Nf6 27. Rc7
Nxd5 28. Rxe7 Nxe3+ 29. Kf2 Rxb3 30. Rxf7+ Kh6 31. Rcc7 Rh8 32. Be6 Ra3 33. h3
Nd1+ 34. Ke1 Nb2 35. Kd2 Nd3 36. Rf6 Rb8 37. Rc3 Nc5 38. Bf5 Rb2+ 39. Kc1 Rxc3+
40. Kxb2 Nxa4+ 41. Kb1 Rg3 42. Rxd6 Kg7 43. Rd7+ Kf8 44. Be6 Nc3+ 45. Kc2 Nxe4
46. Rf7+ Ke8 47. Rg7 a4 48. Bd5 Nd6 49. Be6 Nb5 50. Bd5 a3 51. Be4 Kf8 52. Rxg6
Rc3+ 53. Kb1 Rb3+ 54. Ka1 Nc3 55. Rg3 a2 56. Rg1 Nxe4 57. Kxa2 Rxh3 58. Re1 0-1

[Event "Bundesliga 9495"]
[Site "Deutschland"]
[Date "1995.??.??"]
[Round "?.6"]
[White "Kaminski, Uwe"]
[Black "Luecke, Norbert"]
[Result "1/2-1/2"]
[WhiteElo "2390"]
[BlackElo "2400"]
[PlyCount "30"]
[EventDate "1994.10.??"]
[EventType "team"]
[EventRounds "15"]
[EventCountry "GER"]
[SourceTitle "Bundesliga 9495"]
[Source "DeepChess"]
[SourceDate "2005.01.01"]
[SourceVersion "1"]
[SourceVersionDate "2005.01.01"]
[SourceQuality "1"]
[WhiteTeam "Post SV Dresden"]
[BlackTeam "SG Bochum 31"]
[WhiteTeamCountry "GER"]
[BlackTeamCountry "GER"]

1. e4 c5 2. Nf3 Nc6 3. d4 cxd4 4. Nxd4 Nf6 5. Nc3 e5 6. Ndb5 d6 7. Bg5 a6 8.
Na3 Be6 9. Nc4 Rc8 10. Bxf6 gxf6 11. Ne3 Bh6 12. Bd3 Bxe3 13. fxe3 Qb6 14. Qd2
Ne7 15. O-O Qxb2 1/2-1/2

[Event "Bundesliga 9495"]
[Site "Deutschland"]
[Date "1995.??.??"]
[Round "?.7"]
[White "Sonntag, Hans Hubert"]
[Black "Andresen, Steffen"]
[Result "1/2-1/2"]
[WhiteElo "2410"]
[BlackElo "2395"]
[PlyCount "54"]
[EventDate "1994.10.??"]
[EventType "team"]
[EventRounds "15"]
[EventCountry "GER"]
[SourceTitle "Bundesliga 9495"]
[Source "DeepChess"]
[SourceDate "2005.01.01"]
[SourceVersion "1"]
[SourceVersionDate "2005.01.01"]
[SourceQuality "1"]
[WhiteTeam "SG Bochum 31"]
[BlackTeam "Post SV Dresden"]
[WhiteTeamCountry "GER"]
[BlackTeamCountry "GER"]

1. d4 Nf6 2. Nf3 e6 3. g3 b6 4. Bg2 Bb7 5. O-O Be7 6. c4 O-O 7. Nc3 Ne4 8. Bd2
f5 9. Nxe4 Bxe4 10. Bc3 Bf6 11. Nd2 Bxg2 12. Kxg2 d5 13. e3 c6 14. cxd5 cxd5
15. Bb4 Rf7 16. Rc1 a5 17. Ba3 b5 18. Bc5 Na6 19. a4 Rb7 20. axb5 Rxb5 21. Ba3
Qb6 22. Nf3 Nb4 23. Qe2 Rb8 24. Rc3 Na2 25. Rc2 Nb4 26. Rc3 Na2 27. Rc2 Nb4
1/2-1/2

[Event "Bundesliga 9495"]
[Site "Deutschland"]
[Date "1995.??.??"]
[Round "?.8"]
[White "Heinatz, Thomas"]
[Black "Kitte, Sebastian"]
[Result "1-0"]
[WhiteElo "2360"]
[BlackElo "2220"]
[PlyCount "111"]
[EventDate "1994.10.??"]
[EventType "team"]
[EventRounds "15"]
[EventCountry "GER"]
[SourceTitle "Bundesliga 9495"]
[Source "DeepChess"]
[SourceDate "2005.01.01"]
[SourceVersion "1"]
[SourceVersionDate "2005.01.01"]
[SourceQuality "1"]
[WhiteTeam "Post SV Dresden"]
[BlackTeam "SG Bochum 31"]
[WhiteTeamCountry "GER"]
[BlackTeamCountry "GER"]

1. e4 c5 2. Nf3 e6 3. d3 Nc6 4. g3 d5 5. Nbd2 g6 6. Bg2 Bg7 7. O-O Nge7 8. Re1
h6 9. h4 b6 10. c3 a5 11. Nf1 Ba6 12. e5 Qc7 13. Qe2 O-O-O 14. N1h2 c4 15. d4
b5 16. Ng4 Kb7 17. Qc2 Ka7 18. Bf4 Rb8 19. b3 Nf5 20. Qd2 Bf8 21. Rec1 b4 22.
bxc4 Bxc4 23. Qd1 bxc3 24. Rxc3 Bb4 25. Rc2 Qb6 26. Ne3 Nxe3 27. Bxe3 Qa6 28.
Rxc4 Qxc4 29. Bf1 Qc3 30. Rc1 Qb2 31. Rxc6 Rhc8 32. Ra6+ Kb7 33. Qa4 Bc3 34.
Rd6 Rc7 35. Bxh6 Qb4 36. Qd1 Qb2 37. Qd3 Ra8 38. a4 Qb4 39. Qb5+ Qxb5 40. Bxb5
Bb2 41. Rd7 Rxd7 42. Bxd7 Kc7 43. Bb5 Rb8 44. g4 Rxb5 45. axb5 a4 46. Bf8 a3
47. Bxa3 Bxa3 48. h5 gxh5 49. gxh5 Bc1 50. Nh2 Kb6 51. Ng4 Kxb5 52. h6 Bxh6 53.
Nxh6 Kc4 54. Nxf7 Kxd4 55. Kf1 Kc3 56. Ng5 1-0

[Event "Bundesliga 9495"]
[Site "Deutschland"]
[Date "1995.??.??"]
[Round "?.1"]
[White "Bologan, Viktor"]
[Black "Lutz, Christopher"]
[Result "0-1"]
[WhiteElo "2540"]
[BlackElo "2560"]
[PlyCount "86"]
[EventDate "1994.10.??"]
[EventType "team"]
[EventRounds "15"]
[EventCountry "GER"]
[SourceTitle "Bundesliga 9495"]
[Source "DeepChess"]
[SourceDate "2005.01.01"]
[SourceVersion "1"]
[SourceVersionDate "2005.01.01"]
[SourceQuality "1"]
[WhiteTeam "Post SV Dresden"]
[BlackTeam "SG Porz e.V."]
[WhiteTeamCountry "GER"]
[BlackTeamCountry "GER"]

1. e4 c5 2. Nf3 d6 3. d4 cxd4 4. Nxd4 Nf6 5. Nc3 Nc6 6. Bg5 e6 7. Qd2 a6 8.
O-O-O h6 9. Be3 Be7 10. f3 Nxd4 11. Qxd4 e5 12. Qd3 Be6 13. g4 Rc8 14. Kb1 Qa5
15. Nd5 Nxd5 16. exd5 Bd7 17. h4 g6 18. Bd2 Qc5 19. Bc3 h5 20. g5 Bf5 21. Qd2
b5 22. Rh2 O-O 23. Bh3 Bxh3 24. Rxh3 Qc4 25. Bb4 f6 26. b3 Qf4 27. Qd3 Kh7 28.
Bd2 Qf5 29. Qxf5 gxf5 30. f4 Kg6 31. gxf6 Bxf6 32. Bb4 Rfd8 33. Bc3 exf4 34.
Bxf6 Kxf6 35. Rf1 Re8 36. Rh2 Re4 37. Rg2 Rc3 38. Rg5 Rg3 39. Rxh5 f3 40. Rh8
Ke5 41. h5 Kd4 42. h6 Rh3 43. h7 Re7 0-1

[Event "Bundesliga 9495"]
[Site "Deutschland"]
[Date "1995.??.??"]
[Round "?.3"]
[White "Lanka, Zigurds"]
[Black "Christiansen, Larry Mark"]
[Result "0-1"]
[WhiteElo "2510"]
[BlackElo "2570"]
[PlyCount "132"]
[EventDate "1994.10.??"]
[EventType "team"]
[EventRounds "15"]
[EventCountry "GER"]
[SourceTitle "Bundesliga 9495"]
[Source "DeepChess"]
[SourceDate "2005.01.01"]
[SourceVersion "1"]
[SourceVersionDate "2005.01.01"]
[SourceQuality "1"]
[WhiteTeam "Post SV Dresden"]
[BlackTeam "SG Porz e.V."]
[WhiteTeamCountry "GER"]
[BlackTeamCountry "GER"]

1. e4 c5 2. Nf3 Nc6 3. d4 cxd4 4. Nxd4 e5 5. Nb5 d6 6. N1c3 a6 7. Na3 b5 8. Nd5
Nge7 9. c4 Nd4 10. cxb5 Nxd5 11. exd5 Be7 12. Bd3 O-O 13. O-O Qd7 14. Be3 Nf5
15. Bd2 Nh4 16. Rc1 axb5 17. Bxb5 Qf5 18. Kh1 e4 19. Be3 Qg6 20. Rg1 Rb8 21.
Rc2 Bf6 22. Be2 Nf5 23. Nc4 Nxe3 24. fxe3 Qh6 25. b3 Bg5 26. Rc3 Bd7 27. a4
Rfc8 28. a5 Bb5 29. Qd2 Bf6 30. Rc2 Bg5 31. Rc3 Bf6 32. Rc2 Bg5 33. Rgc1 Bxc4
34. Rxc4 Re8 35. R4c3 Bf6 36. Rc7 Be5 37. g3 Bxg3 38. Bg4 Rf8 39. a6 Rxb3 40.
a7 Ra3 41. Qg2 Be5 42. Qh3 Qxh3 43. Bxh3 g6 44. Rb1 Kg7 45. Be6 Kh6 46. Bxf7
Ra8 47. Rbb7 Kg5 48. Be6 h5 49. h3 Kh4 50. Kg2 Ra2+ 51. Kf1 Kg3 52. Rf7 Ra1+
53. Ke2 Bc3 54. Rf1 Ra2+ 55. Kd1 R8xa7 56. Rxa7 Rxa7 57. Kc2 Be5 58. Rf8 g5 59.
Rf5 Kh4 60. Kd2 Ra2+ 61. Ke1 Bc3+ 62. Kf1 g4 63. Rf2 Rxf2+ 64. Kxf2 Kxh3 65.
Bf5 Kh2 66. Kf1 g3 0-1

[Event "Bundesliga 9495"]
[Site "Deutschland"]
[Date "1995.??.??"]
[Round "?.4"]
[White "Hickl, Joerg"]
[Black "Uhlmann, Wolfgang"]
[Result "1-0"]
[WhiteElo "2535"]
[BlackElo "2470"]
[PlyCount "83"]
[EventDate "1994.10.??"]
[EventType "team"]
[EventRounds "15"]
[EventCountry "GER"]
[SourceTitle "Bundesliga 9495"]
[Source "DeepChess"]
[SourceDate "2005.01.01"]
[SourceVersion "1"]
[SourceVersionDate "2005.01.01"]
[SourceQuality "1"]
[WhiteTeam "SG Porz e.V."]
[BlackTeam "Post SV Dresden"]
[WhiteTeamCountry "GER"]
[BlackTeamCountry "GER"]

1. g3 Nf6 2. Bg2 d5 3. Nf3 g6 4. c4 c6 5. b3 Bg7 6. Bb2 a5 7. O-O O-O 8. Qc2 a4
9. b4 dxc4 10. Qxc4 Be6 11. Qc2 Qc8 12. d3 Na6 13. a3 Nc7 14. Nbd2 Bh3 15. Nc4
Ra6 16. Be5 Bxg2 17. Kxg2 Nb5 18. Qb2 Rd8 19. Rfd1 Ne8 20. Rac1 Qe6 21. Bxg7
Nxg7 22. e4 Nh5 23. h3 h6 24. Na5 Ra7 25. Qd2 Kh7 26. Qe3 Qd7 27. d4 Nf6 28.
Ne5 Qe6 29. Rd2 Nd7 30. Nd3 Rxa5 31. bxa5 Nxa3 32. Nf4 Qd6 33. d5 Qb4 34. dxc6
bxc6 35. Rd4 Qb2 36. Nd3 Qb3 37. Nc5 Qxe3 38. fxe3 Nxc5 39. Rxc5 Rxd4 40. exd4
Nb5 41. a6 a3 42. Rxb5 1-0

[Event "Bundesliga 9495"]
[Site "Deutschland"]
[Date "1995.??.??"]
[Round "?.6"]
[White "Vogt, Lothar"]
[Black "Kaminski, Uwe"]
[Result "1/2-1/2"]
[WhiteElo "2475"]
[BlackElo "2390"]
[PlyCount "39"]
[EventDate "1994.10.??"]
[EventType "team"]
[EventRounds "15"]
[EventCountry "GER"]
[SourceTitle "Bundesliga 9495"]
[Source "DeepChess"]
[SourceDate "2005.01.01"]
[SourceVersion "1"]
[SourceVersionDate "2005.01.01"]
[SourceQuality "1"]
[WhiteTeam "SG Porz e.V."]
[BlackTeam "Post SV Dresden"]
[WhiteTeamCountry "GER"]
[BlackTeamCountry "GER"]

1. e4 c5 2. c3 Nf6 3. e5 Nd5 4. Nf3 Nc6 5. g3 g6 6. Bg2 Bg7 7. O-O O-O 8. d4
cxd4 9. cxd4 d6 10. exd6 Qxd6 11. Nc3 Nxc3 12. bxc3 Be6 13. Ng5 Bf5 14. Ne4 Qd8
15. Re1 Re8 16. Qf3 e5 17. dxe5 Nxe5 18. Qd1 Bxe4 19. Bxe4 Nd3 20. Bg5 1/2-1/2

[Event "Bundesliga 9495"]
[Site "Deutschland"]
[Date "1995.??.??"]
[Round "?.7"]
[White "Heinatz, Thomas"]
[Black "Brunner, Lucas"]
[Result "0-1"]
[WhiteElo "2360"]
[BlackElo "2535"]
[PlyCount "58"]
[EventDate "1994.10.??"]
[EventType "team"]
[EventRounds "15"]
[EventCountry "GER"]
[SourceTitle "Bundesliga 9495"]
[Source "DeepChess"]
[SourceDate "2005.01.01"]
[SourceVersion "1"]
[SourceVersionDate "2005.01.01"]
[SourceQuality "1"]
[WhiteTeam "Post SV Dresden"]
[BlackTeam "SG Porz e.V."]
[WhiteTeamCountry "GER"]
[BlackTeamCountry "GER"]

1. e4 c6 2. d4 d5 3. Nd2 dxe4 4. Nxe4 Bf5 5. Ng3 Bg6 6. h4 h6 7. Nf3 Nf6 8. Ne5
Bh7 9. Bc4 e6 10. Qe2 Nd5 11. Nh5 Nd7 12. Rh3 Nxe5 13. dxe5 Qc7 14. Rg3 O-O-O
15. c3 Nb6 16. Bb3 Nd7 17. Nxg7 Qxe5 18. Qxe5 Nxe5 19. Be3 Nd3+ 20. Kf1 Bd6 21.
Rf3 Ne5 22. Rf6 Rd7 23. f3 Bd3+ 24. Kf2 h5 25. Bxa7 Kc7 26. Be3 Bg6 27. Rd1 Be7
28. Rxd7+ Kxd7 29. Rf4 Nd3+ 0-1

[Event "Bundesliga 9495"]
[Site "Deutschland"]
[Date "1995.??.??"]
[Round "?.8"]
[White "Mainka, Romuald"]
[Black "Wegener, Dirk"]
[Result "1/2-1/2"]
[WhiteElo "2515"]
[BlackElo "2325"]
[PlyCount "87"]
[EventDate "1994.10.??"]
[EventType "team"]
[EventRounds "15"]
[EventCountry "GER"]
[SourceTitle "Bundesliga 9495"]
[Source "DeepChess"]
[SourceDate "2005.01.01"]
[SourceVersion "1"]
[SourceVersionDate "2005.01.01"]
[SourceQuality "1"]
[WhiteTeam "SG Porz e.V."]
[BlackTeam "Post SV Dresden"]
[WhiteTeamCountry "GER"]
[BlackTeamCountry "GER"]

1. e4 e6 2. d4 d5 3. Nc3 Bb4 4. e5 c5 5. a3 Bxc3+ 6. bxc3 Ne7 7. Nf3 b6 8. Bb5+
Bd7 9. Bd3 Ba4 10. h4 Qc7 11. O-O h6 12. Re1 Nd7 13. h5 O-O-O 14. Rb1 Kb8 15.
dxc5 Nxc5 16. Rb4 Nc6 17. Rg4 f5 18. exf6 gxf6 19. Rg6 Ne4 20. Qe2 Ne5 21. Nxe5
Qxe5 22. f3 Qxh5 23. Rg7 Nc5 24. Bf4+ e5 25. Be3 Rhg8 26. Rxg8 Rxg8 27. Bxc5
bxc5 28. Bb5 Qh4 29. Rb1 Kc7 30. Qe3 d4 31. cxd4 Bxb5 32. Rxb5 Qxd4 33. Rxc5+
Kd6 34. Qxd4+ exd4 35. Rc4 Kd5 36. Rc7 a6 37. Kf2 Rb8 38. Ke2 Rb2 39. Kd2 Ra2
40. Rh7 Rxa3 41. Rxh6 Ke5 42. Rh8 f5 43. Re8+ Kf4 44. Rf8 1/2-1/2